| 000 | 01567nam0a2200325 4500 | ||
|---|---|---|---|
| 001 | RU\NLR\BIBL_A\012177710 | ||
| 005 | 20260408155830.0 | ||
| 010 |
_a978-5-94158-150-4 _9100 |
||
| 035 | _a(NLR Aleph) 012177710 | ||
| 090 |
_a12269343 _c12269343 |
||
| 100 | _a20200113d2014 |||y0rusy50 ca | ||
| 101 | 0 | _arus | |
| 102 | _aRU | ||
| 105 | _a c||z|||000zy | ||
| 181 | 0 |
_ai _baxxe |
|
| 182 | 0 | _an | |
| 200 | 1 |
_aУ памяти нет срока давности... _f[составители: Никифорова С.В., Лукьянова В.В.] |
|
| 203 |
_aТекст _bвизуальный _cнепосредственный |
||
| 210 |
_aСанкт-Петербург _cРусский Инвалид _d2014 |
||
| 215 |
_a99 с. _cил., портр. _d29 |
||
| 300 | _aПосвящается нашим матерям, совершившим свой самый большой подвиг - спасение детей | ||
| 316 |
_aС автогр. сост. _5NLR |
||
| 606 |
_aНесовершеннолетние, бывшие узники концлагерей, гетто и других мест принудительного содержания _jВоспоминания, записки и т.п _91222838 _3RU\NLR\AUTH\66179552 |
||
| 686 | 1 | _aТ3(2)722.825,013 | |
| 702 | 1 |
_4220 _7ca _8rus _aНикифорова _bС. В. _cлитератор _f1939- _gСтелла Владимировна _9214926 _3RU\NLR\AUTH\770214982 |
|
| 942 | _cBOOK | ||
| 980 | _aNBR | ||
| 980 | _aNB | ||